[Event "Lodi op1 3rd"]
[Site "Livorno"]
[Date "2007.06.24"]
[Round "5"]
[White "Hautala, Roman"]
[Black "Raiano, Andrea"]
[Result "1-0"]
[WhiteElo "2235"]
[BlackElo "2230"]
[PlyCount "93"]
[EventDate "2007.06.16"]
[EventType "swiss"]
[EventRounds "6"]
[EventCountry "ITA"]
[SourceTitle "EXT 2010"]
[Source "ChessBase"]
[SourceDate "2010.11.25"]
[SourceVersion "1"]
[SourceVersionDate "2010.11.25"]
[SourceQuality "1"]

1. e4 c6 2. d4 d5 3. Nc3 dxe4 4. Nxe4 Bf5 5. Ng3 Bg6 6. h4 h6 7. Nf3 Nd7 8. h5 Bh7 9. Bd3 Bxd3 10. Qxd3 Ngf6 11. Bd2 e6 12. 0-0-0 Qc7 13. Ne4 Bd6 14. g3 0-0-0 15. c4 Nxe4 16. Qxe4 Nf6 17. Qc2 c5 18. d5 b5 19. dxe6 Qc6 20. e7 Rd7 21. Nh4 Rxe7 22. cxb5 Qe4 23. Nf5 Qxc2+ 24. Kxc2 Re6 25. Rhe1 Bf8 26. Ba5 Rxe1 27. Rxe1 Kd7 28. Rh1 Ne4 29. f3 Nd6 30. Nxd6 Bxd6 31. g4 Be5 32. Rd1+ Ke6 33. Bc3 f6 34. Kb3 Bd6 35. Kc4 Rf8 36. a4 Rf7 37. Rd5 f5 38. gxf5+ Rxf5 39. Rxf5 Kxf5 40. Bxg7 Kg5 41. a5 Kxh5 42. Kd5 Bc7 43. b6 axb6 44. a6 Bb8 45. Kc6 Kg6 46. Bc3 h5 47. Be1 1-0

[Event "Siena Magari Memorial 9th"]
[Site "Siena"]
[Date "2006.11.12"]
[Round "5"]
[White "Egli, Urs Martin"]
[Black "Hautala, Roman"]
[Result "0-1"]
[WhiteElo "2071"]
[BlackElo "2225"]
[PlyCount "46"]
[EventDate "2006.11.10"]
[EventType "swiss"]
[EventRounds "6"]
[EventCountry "ITA"]
[SourceTitle "EXT 2024"]
[Source "ChessBase"]
[SourceDate "2023.10.10"]
[SourceVersion "1"]
[SourceVersionDate "2023.10.10"]
[SourceQuality "1"]

1. e4 Nf6 2. d3 d5 3. e5 Nfd7 4. f4 c5 5. Nf3 e6 6. g3 Nc6 7. Bg2 Be7 8. 0-0 b5 9. c4 bxc4 10. dxc4 Nb6 11. cxd5 exd5 12. Nc3 0-0 13. h3 Ba6 14. Rf2 d4 15. Ne4 Nc4 16. Nh2 Qb6 17. Qh5 Nb4 18. Ng5 Bxg5 19. Bxa8 Rxa8 20. fxg5 Nxe5 21. Bf4 Nbd3 22. Rd2 Bb7 23. Rad1 Qc6 0-1

[Event "Livorno op"]
[Site "Livorno"]
[Date "2004.12.12"]
[Round "3"]
[White "Naumkin, Igor"]
[Black "Hautala, Roman"]
[Result "1-0"]
[WhiteElo "2479"]
[BlackElo "2175"]
[PlyCount "65"]
[EventDate "2004.12.11"]
[EventType "swiss"]
[EventRounds "6"]
[EventCountry "ITA"]
[SourceTitle "EXT 2008"]
[Source "ChessBase"]
[SourceDate "2007.11.25"]
[SourceVersion "1"]
[SourceVersionDate "2007.11.25"]
[SourceQuality "1"]

1. d4 Nf6 2. Nf3 g6 3. c4 Bg7 4. Nc3 d6 5. e4 0-0 6. Be2 e5 7. d5 a5 8. Bg5 h6 9. Bh4 Na6 10. 0-0 Qe8 11. Nd2 Bd7 12. b3 Nh7 13. a3 h5 14. f3 Bh6 15. Kh1 Be3 16. Rb1 Bc5 17. Qc1 f5 18. exf5 gxf5 19. f4 exf4 20. Rxf4 Be3 21. Rf1 f4 22. b4 axb4 23. axb4 Qg6 24. Qd1 Bg4 25. Nf3 Bf5 26. Rb2 Qg7 27. Be1 Nf6 28. Nd4 Be4 29. Bf3 Bxf3 30. gxf3 Qf7 31. Ne6 Rfc8 32. Rg2+ Kh8 33. Ne4 1-0

[Event "FIN-chT1C 0304"]
[Site "Finland"]
[Date "2003.09.??"]
[Round "1.2"]
[White "Verkasalo, Tommi"]
[Black "Hautala, Roman"]
[Result "1/2-1/2"]
[WhiteElo "2055"]
[BlackElo "2184"]
[PlyCount "38"]
[EventDate "2003.09.??"]
[EventType "team-tourn"]
[EventRounds "7"]
[EventCountry "FIN"]
[SourceTitle "EXT 2022"]
[Source "ChessBase"]
[SourceDate "2021.10.06"]
[SourceVersion "1"]
[SourceVersionDate "2021.10.06"]
[SourceQuality "1"]
[WhiteTeam "Jyvaskyla JyS II"]
[BlackTeam "Kajaani SY"]
[WhiteTeamCountry "FIN"]
[BlackTeamCountry "FIN"]

1. e4 Nf6 2. Nc3 d6 3. d4 g6 4. Be3 Bg7 5. Qd2 Nbd7 6. Nf3 Ng4 7. Bg5 h6 8. Bh4 c5 9. 0-0-0 Qa5 10. Bxe7 Nxf2 11. Qxf2 Kxe7 12. Bc4 cxd4 13. Nd5+ Kf8 14. Rhf1 Kg8 15. Qh4 Rh7 16. Ne7+ Kh8 17. e5 Bxe5 18. Nxe5 Nxe5 19. Qf6+ Rg7 1/2-1/2

[Event "FIN-chT1C 0203"]
[Site "Finland"]
[Date "2003.??.??"]
[Round "7.1"]
[White "Hautala, Roman"]
[Black "Vinke, Dietmar"]
[Result "1/2-1/2"]
[WhiteElo "2201"]
[BlackElo "2227"]
[PlyCount "42"]
[EventDate "2002.10.??"]
[EventType "team-tourn"]
[EventRounds "11"]
[EventCountry "FIN"]
[SourceTitle "EXT 2022"]
[Source "ChessBase"]
[SourceDate "2021.10.06"]
[SourceVersion "1"]
[SourceVersionDate "2021.10.06"]
[SourceQuality "1"]
[WhiteTeam "Kajaani SY"]
[BlackTeam "Oulu OSS"]
[WhiteTeamCountry "FIN"]
[BlackTeamCountry "FIN"]

1. e4 c6 2. d4 d5 3. Nc3 g6 4. Nf3 Bg7 5. h3 Nh6 6. Bf4 f6 7. exd5 cxd5 8. Bxb8 Rxb8 9. Bb5+ Kf7 10. Qe2 e6 11. g4 a6 12. Bd3 b5 13. g5 fxg5 14. Ne5+ Bxe5 15. Qxe5 Rb7 16. f4 gxf4 17. Rf1 Rf8 18. Rxf4+ Kg8 19. Rxf8+ Qxf8 20. 0-0-0 Nf7 21. Qe2 Qh6+ 1/2-1/2

[Event "FIN-ch op"]
[Site "Naantali"]
[Date "2002.??.??"]
[Round "9"]
[White "Hautala, Roman"]
[Black "Kiik, Kalle"]
[Result "1/2-1/2"]
[WhiteElo "2201"]
[BlackElo "2450"]
[PlyCount "69"]
[EventDate "2002.07.??"]
[EventType "swiss"]
[EventRounds "9"]
[EventCountry "FIN"]
[SourceTitle "EXT 2004"]
[Source "ChessBase"]
[SourceDate "2003.11.25"]
[SourceVersion "1"]
[SourceVersionDate "2003.11.25"]
[SourceQuality "1"]

1. e4 c5 2. Nf3 e6 3. d4 cxd4 4. Nxd4 a6 5. Nc3 b5 6. Be2 Bb7 7. Bf3 Nc6 8. Bf4 Bc5 9. Nxc6 Bxc6 10. e5 Bb4 11. Qd4 Bxc3+ 12. Qxc3 Bxf3 13. Qxf3 Ne7 14. Bg5 Rc8 15. 0-0 Rc6 16. Rfd1 h6 17. Bxe7 Qxe7 18. Rd6 0-0 19. Rxc6 dxc6 20. Qxc6 Qb4 21. Rb1 Rd8 22. h3 Qf4 23. Qxa6 Qxe5 24. a4 bxa4 25. Qxa4 Qf5 26. Rc1 Rd2 27. Qa7 Rxc2 28. Rxc2 Qxc2 29. Qb8+ Kh7 30. b4 Qe2 31. b5 Qe1+ 32. Kh2 Qxf2 33. b6 Qe3 34. Qc7 e5 35. b7 1/2-1/2

[Event "FIN-chT1C 0102"]
[Site "Finland"]
[Date "2001.10.??"]
[Round "1.1"]
[White "Hartio, Ilkka"]
[Black "Hautala, Roman"]
[Result "1/2-1/2"]
[WhiteElo "2117"]
[BlackElo "2182"]
[PlyCount "48"]
[EventDate "2001.10.??"]
[EventType "team-tourn"]
[EventRounds "7"]
[EventCountry "FIN"]
[SourceTitle "EXT 2022"]
[Source "ChessBase"]
[SourceDate "2021.10.06"]
[SourceVersion "1"]
[SourceVersionDate "2021.10.06"]
[SourceQuality "1"]
[WhiteTeam "Jyvaskyla JyS II"]
[BlackTeam "Vaasa VSS"]
[WhiteTeamCountry "FIN"]
[BlackTeamCountry "FIN"]

1. e4 Nf6 2. e5 Nd5 3. d4 d6 4. Nf3 Bg4 5. Be2 e6 6. 0-0 Be7 7. c4 Nb6 8. Nc3 0-0 9. Be3 d5 10. c5 Bxf3 11. gxf3 Nc8 12. f4 Bh4 13. Bd3 g6 14. f5 exf5 15. Qf3 Nc6 16. Kh1 Kh8 17. Rg1 N8e7 18. Rad1 a6 19. Bb1 b6 20. cxb6 cxb6 21. Bh6 Re8 22. Bxf5 Nxf5 23. Qxf5 f6 24. Qf3 fxe5 1/2-1/2

[Event "Ronne Jubilaum"]
[Site "Ronne"]
[Date "2001.06.27"]
[Round "6"]
[White "Angskog, Kent"]
[Black "Hautala, Roman"]
[Result "1/2-1/2"]
[WhiteElo "2160"]
[BlackElo "2182"]
[PlyCount "59"]
[EventDate "2001.06.24"]
[EventType "swiss"]
[EventRounds "9"]
[EventCountry "DEN"]
[SourceTitle "EXT 2023"]
[Source "ChessBase"]
[SourceDate "2022.10.05"]
[SourceVersion "1"]
[SourceVersionDate "2022.10.05"]
[SourceQuality "1"]

1. Nf3 Nf6 2. c4 g6 3. Nc3 Bg7 4. e4 d6 5. d4 0-0 6. Be2 e5 7. Bg5 h6 8. Bh4 c6 9. dxe5 dxe5 10. Qxd8 Rxd8 11. Nxe5 Re8 12. f4 Na6 13. 0-0-0 Nc5 14. Bf3 Ne6 15. Bg3 g5 16. fxg5 Nxg5 17. Rhe1 Be6 18. h4 Nxf3 19. gxf3 Nh5 20. Bh2 Bxe5 21. Bxe5 Bxc4 22. Rg1+ Kh7 23. Bd4 Rg8 24. Kd2 Rxg1 25. Rxg1 Rd8 26. Ke3 c5 27. Bxc5 Rd3+ 28. Kf2 Rd2+ 29. Ke3 Rd3+ 30. Kf2 1/2-1/2

[Event "Ronne Jubilaum"]
[Site "Ronne"]
[Date "2001.06.27"]
[Round "5"]
[White "Hautala, Roman"]
[Black "Hoi, Carsten"]
[Result "1/2-1/2"]
[WhiteElo "2182"]
[BlackElo "2404"]
[PlyCount "32"]
[EventDate "2001.06.24"]
[EventType "swiss"]
[EventRounds "9"]
[EventCountry "DEN"]
[SourceTitle "EXT 2023"]
[Source "ChessBase"]
[SourceDate "2022.10.05"]
[SourceVersion "1"]
[SourceVersionDate "2022.10.05"]
[SourceQuality "1"]

1. g3 g6 2. Nf3 Bg7 3. Bg2 Nf6 4. 0-0 0-0 5. d3 d6 6. Nbd2 e5 7. e4 Nc6 8. c3 a5 9. a4 h6 10. h3 Be6 11. Re1 Nd7 12. Nf1 Nb6 13. Be3 d5 14. Bxb6 cxb6 15. Ne3 d4 16. Nd5 Bxd5 1/2-1/2

[Event "Ronne Jubilaum"]
[Site "Ronne"]
[Date "2001.06.25"]
[Round "2"]
[White "Fries Nielsen, Jens Ove"]
[Black "Hautala, Roman"]
[Result "1-0"]
[WhiteElo "2301"]
[BlackElo "2182"]
[PlyCount "115"]
[EventDate "2001.06.24"]
[EventType "swiss"]
[EventRounds "9"]
[EventCountry "DEN"]
[SourceTitle "EXT 2023"]
[Source "ChessBase"]
[SourceDate "2022.10.05"]
[SourceVersion "1"]
[SourceVersionDate "2022.10.05"]
[SourceQuality "1"]

1. e4 Nf6 2. Nc3 d5 3. exd5 Nxd5 4. Bc4 Nb6 5. Bb3 Nc6 6. Qf3 e6 7. Nge2 Be7 8. d3 0-0 9. a3 Ne5 10. Qh5 Ng6 11. h4 Bd7 12. Ne4 Nd5 13. Bg5 b5 14. Bxe7 Qxe7 15. Bxd5 exd5 16. Qxd5 Rfe8 17. h5 Ne5 18. Qc5 Bc6 19. Qxe7 Rxe7 20. N2g3 g6 21. 0-0 f5 22. Nd2 Rae8 23. hxg6 hxg6 24. f3 Nd7 25. Nb3 Nb6 26. Nd4 Bd7 27. b4 Nd5 28. Kf2 a5 29. Rab1 axb4 30. axb4 Ra8 31. Nge2 Ra4 32. c3 Ra2 33. Ra1 Nxc3 34. Rxa2 Nxa2 35. Rb1 Nxb4 36. Rxb4 c5 37. Rxb5 cxd4 38. Rb7 Kf7 39. Nxd4 f4 40. Ne2 g5 41. Nc3 Bf5 42. Rxe7+ Kxe7 43. Ke2 Kf6 44. Ne4+ Kg6 45. Nf2 Bc8 46. Kd2 Kh5 47. d4 Kg6 48. d5 Kf5 49. Kc3 Ba6 50. Nd3 Kf6 51. d6 Bb5 52. Nc5 Bf1 53. Kd4 Bxg2 54. Ne4+ Ke6 55. Kc5 Kd7 56. Nxg5 Bf1 57. Nf7 Bh3 58. Ne5+ 1-0

[Event "Oulu op"]
[Site "Oulu"]
[Date "2001.??.??"]
[Round "2"]
[White "Hautala, Roman"]
[Black "Lardot, Derik"]
[Result "1-0"]
[WhiteElo "2180"]
[BlackElo "2054"]
[PlyCount "61"]
[EventDate "2001.??.??"]
[EventType "swiss"]
[EventRounds "5"]
[EventCountry "FIN"]
[SourceTitle "EXT 2002"]
[Source "ChessBase"]
[SourceDate "2001.11.25"]
[SourceVersion "1"]
[SourceVersionDate "2001.11.25"]
[SourceQuality "1"]

1. e4 e5 2. Nf3 Nc6 3. Bb5 f5 4. Nc3 fxe4 5. Nxe4 d5 6. Nxe5 dxe4 7. Nxc6 Qg5 8. Qe2 Nf6 9. f4 Qxf4 10. Ne5+ c6 11. d4 Qh4+ 12. g3 Qh3 13. Bc4 Be6 14. Bg5 Bd6 15. 0-0-0 0-0-0 16. Nf7 Bxf7 17. Bxf7 Rd7 18. Qc4 Qg4 19. Bxf6 Rxf7 20. Qxf7 gxf6 21. Qxf6 Rd8 22. Rhf1 Kc7 23. Qf5 Qe2 24. Qxh7+ Kb6 25. Rde1 Qc4 26. Qxe4 Qxa2 27. c3 a5 28. Qe6 Qa4 29. Rf7 Bf8 30. Ref1 Rd6 31. Qc8 1-0

[Event "FIN-chT1C 0001"]
[Site "Finland"]
[Date "2001.??.??"]
[Round "7.2"]
[White "Hautala, Roman"]
[Black "Lehtioksa, Jorma"]
[Result "1/2-1/2"]
[WhiteElo "2199"]
[BlackElo "2181"]
[PlyCount "66"]
[EventDate "2000.11.??"]
[EventType "team-tourn"]
[EventRounds "7"]
[EventCountry "FIN"]
[SourceTitle "EXT 2022"]
[Source "ChessBase"]
[SourceDate "2021.10.06"]
[SourceVersion "1"]
[SourceVersionDate "2021.10.06"]
[SourceQuality "1"]
[WhiteTeam "Vaasa VSS"]
[BlackTeam "Tampere Taraus II"]
[WhiteTeamCountry "FIN"]
[BlackTeamCountry "FIN"]

1. e4 c5 2. Nf3 Nc6 3. d4 cxd4 4. Nxd4 Nf6 5. Nc3 d6 6. Bc4 Qb6 7. Nxc6 bxc6 8. 0-0 g6 9. e5 dxe5 10. Qe2 Bg7 11. Qxe5 0-0 12. Qxe7 Bf5 13. Bb3 Rae8 14. Qd6 Rd8 15. Qg3 Nd5 16. Nxd5 cxd5 17. c3 d4 18. cxd4 Qxd4 19. Bg5 Rd7 20. Rad1 Qxb2 21. Rxd7 Bxd7 22. Qc7 Be6 23. Bxe6 fxe6 24. Be7 Qb8 25. Qd7 Qc8 26. Qxa7 Rf7 27. Qa3 Bd4 28. Bh4 Qc4 29. Qb3 Qe2 30. a4 g5 31. Bg3 h5 32. Qb5 Qg4 33. Qe8+ Kg7 1/2-1/2